| 000 | 00788nam a22002297a 4500 | ||
|---|---|---|---|
| 003 | NUST-PNEC | ||
| 005 | 20170116180730.0 | ||
| 008 | 141114b xxu||||| |||| 00| 0 eng d | ||
| 020 | _a0071238409 | ||
| 020 | _a9780071238403 | ||
| 040 | _cPNEC | ||
| 082 | _a005.1 PRE | ||
| 100 |
_9974 _aPressman, Roger S. |
||
| 245 |
_aSoftware engineering : a practitioner's approach _cRoger S. Pressman |
||
| 250 | _a6th ed. | ||
| 260 |
_aBoston, Mass. ; London : _bMcGraw-Hill Higher Education, _cc2005. |
||
| 300 |
_a912 p. : _b ill. ; _c24 cm. |
||
| 500 | _aIncludes Index | ||
| 650 | _xComputer, MIS | ||
| 856 | _uhttp://www.amazon.com/Software-Engineering-Practitioners-Approach-6th/dp/0071238409/ref=sr_1_1?s=books&ie=UTF8&qid=1415960874&sr=1-1&keywords=0071238409 | ||
| 942 |
_2ddc _cBK |
||
| 999 |
_c61765 _d61765 |
||